Financial Markets and Institutions

में बचाया:
ग्रंथसूची विवरण
मुख्य लेखक: Frederic Mishkin
स्वरूप: पुस्तक
प्रकाशित: pearson
विषय:
टैग: टैग जोड़ें
कोई टैग नहीं, इस रिकॉर्ड को टैग करने वाले पहले व्यक्ति बनें!

MARC

LEADER 00000nam a2200000Ia 4500
005 20260427112725.0
526 |b FinTech 
100 |a Frederic Mishkin 
020 |a 9788119896356 
650 |a Finance 
526 |a Masters 
942 |c BK 
245 |a Financial Markets and Institutions 
260 |b pearson 
999 |c 115  |d 115 
952 |0 0  |1 0  |4 0  |7 0  |8 3  |a BRISTOL  |b BRISTOL  |d 2026-04-22  |l 0  |p 000106  |r 2026-04-27 11:27:25  |w 2026-04-27  |y BK